South American Geography by Letter - G - Statistics

General Stats
  • This quiz has been taken 85 times
  • The average score is 8 of 20
Answer Stats
Clue Answer % Correct
Archipelago where Darwin studied finches Galápagos Islands
99%
English-speaking country Guyana
99%
Capital of the above Georgetown
93%
Argentine horseman Gaucho
79%
Largest city in Ecuador Guayaquil
77%
Most spoken language in Paraguay Guaraní
59%
Nearest >1m city to Brasília Goiânia
43%
Most important export of Suriname Gold
43%
Most common last name in South America González
39%
State home to the above Goiás
35%
Main island of Tierra del Fuego Isla {Grande}
35%
Rodent also known as a cavy Guinea pig
29%
Southern Chile has many of these Glaciers
25%
Paria or Venezuela, e.g. Gulf
24%
Largest São Paulo suburb Guarulhos
20%
Bay that Rio de Janeiro sits on {Guanabara} Bay
13%
Island of Rio de Janeiro where its major airport is located Ilha do {Governador}
9%
Bavarian-style resort town in Rio Grande do Sul, Brazil Gramado
8%
Desert in the far north of Colombia La {Guajira}
7%
Largest reservoir in Venezuela {Guri} Reservoir
1%
No matching quizzes found
Score Distribution
Percent of People with Each Score
Percentile by Number Answered
Your Score History
You have not taken this quiz